Traditional building craft skills (Record no. 106382)

MARC details
000 -LEADER
fixed length control field 01965cam a2200241 4500
001 - CONTROL NUMBER
control field ##L136405
008 - FIXED-LENGTH DATA ELEMENTS--GENERAL INFORMATION
fixed length control field 070130n2007 000 0 eng u
035 ## - SYSTEM CONTROL NUMBER
System control number (Sirsi) u136405
041 0# - LANGUAGE CODE
Language code of text/sound track or separate title eng
050 04 - LIBRARY OF CONGRESS CALL NUMBER
Classification number 690.241 $2 18
110 2# - MAIN ENTRY--CORPORATE NAME
Corporate name or jurisdiction name as entry element National Heritage Training Group
9 (RLIN) 5110
245 00 - TITLE STATEMENT
Title Traditional building craft skills
Remainder of title assessing the need, meeting the challenge, skills needs analysis of the built heritage sector in Scotland 2007
Medium [electronic resource]
260 ## - PUBLICATION, DISTRIBUTION, ETC.
Place of publication, distribution, etc. London
Name of publisher, distributor, etc. NHTG
Date of publication, distribution, etc. 2007
505 1# - FORMATTED CONTENTS NOTE
Formatted contents note Executive summary -- Introduction -- Research objectives and methodology -- Demand for traditional building craft skills: stockholders -- Supply of traditional building skills: contractors and sole traders -- Manufacturers and suppliers of traditional building materials -- Architects and surveyors -- Training provision for traditional building skills in Scotland -- Conclusions and recommendations -- Skills action plan
520 ## - SUMMARY, ETC.
Summary, etc. Evaluates the traditional building skills industry in Scotland by analysing the size of the pre-1919 building stock, assessing traditional building skills levels and future needs, assessing manufacturers and suppliers of traditional building materials and building professionals working in the sector, identifying training provision for traditional building skills, and making recommendations to address known problems. Reveals that around 5 000 additional workers are needed to meet future demand and over 8 700 individuals will need training in traditional skills over the next four years.
590 ## - LOCAL NOTE (RLIN)
Local note KA
651 #4 - SUBJECT ADDED ENTRY--GEOGRAPHIC NAME
Geographic name Scotland
Chronological subdivision 1999-
690 ## - LOCAL SUBJECT ADDED ENTRY--TOPICAL TERM (OCLC, RLIN)
Topical term or geographic name as entry element BUILT ENVIRONMENT-BUILDING MAINTENANCE AND REFURBISHMENT-BUILDING CONSERVATION
710 2# - ADDED ENTRY--CORPORATE NAME
Corporate name or jurisdiction name as entry element CITB-ConstructionSkills
9 (RLIN) 4992
710 2# - ADDED ENTRY--CORPORATE NAME
Corporate name or jurisdiction name as entry element Historic Scotland
9 (RLIN) 2914
856 40 - ELECTRONIC LOCATION AND ACCESS
Uniform Resource Identifier <a href="https://www.citb-constructionskills.co.uk/news/whatsinthenews/20070129-scottishnational.asp">https://www.citb-constructionskills.co.uk/news/whatsinthenews/20070129-scottishnational.asp</a>
Public note View the report free of charge at www.citb-constructionskills.co.uk...
942 ## - ADDED ENTRY ELEMENTS (KOHA)
Suppress in OPAC 0
Holdings
Withdrawn status Lost status Source of classification or shelving scheme Damaged status Not for loan Home library Current library Shelving location Date acquired Total Checkouts Full call number Barcode Date last seen Copy number Price effective from Koha item type
    Dewey Decimal Classification     Virtual Virtual Online 30/01/2007   ONLINE PUBLICATION 136405-2001 06/08/2019 1 06/08/2019 Book